Proceedings of the eight symposium on Antarctic logistics and operations

Saved in:
书目详细资料
格式: 图书
语言:英语
出版: Patricio Eberhard 1998
主题:
标签: 添加标签
没有标签, 成为第一个标记此记录!

MARC

LEADER 00000nam a2200000 a 4500
001 UCN0112
003 CL-VaPUC
005 20250304110152.0
008 010316e19980000cl 1 eng d
082 0 4 |a 355.411  |b PRO  |2 21 
245 1 0 |a Proceedings of the eight symposium on Antarctic logistics and operations 
260 |b Patricio Eberhard  |c 1998 
300 |a 163 p 
583 |a last modification  |c 20130316 11:33:20  |k Rodrigo Vera 
650 0 0 |a Operaciones militares  |9 372045 
650 0 7 |a LOGISTICA  |2 CL-VaPUC  |9 485423 
650 0 0 |a Medios de comunicación  |9 257206 
650 0 7 |a SATELITES  |2 CL-VaPUC  |9 352279 
650 0 0 |a Medio ambiente  |9 257625 
650 0 7 |a TELEMEDICINA  |2 CL-VaPUC  |9 619903 
650 0 7 |a OPERACIONES NAVALES  |2 CL-VaPUC  |9 494907 
650 0 7 |a OPERACIONES AEREAS  |2 CL-VaPUC  |9 619904 
650 0 0 |a Protección del medio ambiente  |9 257626 
651 0 |a Antártica (Antártida)  |9 324088 
942 |c BK 
945 |a cmena  |d 20010316 00:00:00 
546 |a En Inglés 
536 |a SCALOP 
536 |a COMNAP 
518 |p Symposium on Antarctic Logistics and Operations, 8, Concepcion, 21-22 july 1998 
999 |c 383650  |d 383648 
952 |0 0  |1 0  |2 ddc  |4 0  |6 355_411000000000000_PRO_1998  |7 0  |8 A  |9 505846  |a BIBALI  |b BIBALI  |c GEN  |d 2020-01-23  |i 3584542  |o 355.411 PRO 1998  |p 3584542  |r 2025-01-20  |w 2020-01-23  |y BK  |k ALI